LEADER 00922nam a2200229 u 4500 001 000000082836 003 CaOOAMICUS 005 20070226123915.0 008 050420s1946 fr u000 u fre u 035 $a11040995 040 $aPUL(R)$bita 100 1 $aRiboulet, L.$0(OLS)http://pul/name/54308 245 10$aConseils sur le travail intellectuel /$cL. Riboulet ; préface de Mgr Lavallée. 250 $a3. ed. 260 $aLyon ;$aParis :$bLibrairie Catholique Emmanuel Vitte,$c1946. 300 $ax, 272 p. ;$c23 cm 650 4$aLavoro intellettuale.$0(OLS)http://pul/subject/18690 850 $aPUL 852 $aPUL$W1$xDP1 Fondo Cecchetti$y53$m260 J 69$j194500$nBK-PRI$b $qFondi$B105479$CPULBib$Z2$F105479 $81 941 1 $a1 996 $6245$aConseils sur le travail intellectuel$9(OLS)http://pul/title/108140 996 $6260$aLyon ;$aParis :$bLibrairie Catholique Emmanuel Vitte$9(OLS)http://pul/publisher/74862 LEADER 01261nam a2200229 a 4500 001 000000112726 003 CaOOAMICUS 005 20080717104355.0 008 080717s2006 it m 000 0 ita d 040 $aPUG$bita$dip$dPUL$dLDB 100 1 $aKalocinski, Tomasz.$0(OLS)http://pul/name/69447 245 13$aIl rapporto tra il pensiero di Michael Novak e il magistero sociale di Giovanni Paolo II :$bl'indagine sulla possibilità di un contributo allo sviluppo della dottrina sociale della Chiesa /$cTomasz Kalocinski. 260 $aRoma :$b[s.n.],$c2006. 300 $a160 p. ;$c24 cm 502 $aEstratto dissertazione: Pontificia Universitas Gregoriana. Facultas scientiarum socialium, 2006, n. 5509 504 $aBibliografia: p. [123]-153. 600 14$aNovak, Michael,$d1933-$0(OLS)http://pul/subject/25927 850 $aPUL 852 $aPUL$W1$xDP1 Tesi Pon. Univ. Gregoriana$y40$m2006 F 8$j95332$qTesi$B127922$CPULBib$Z2$F127922 $82 941 1 $a16 996 $6245$aIl rapporto tra il pensiero di Michael Novak e il magistero sociale di Giovanni Paolo II :$bl'indagine sulla possibilità di un contributo allo sviluppo della dottrina sociale della Chiesa$9(OLS)http://pul/title/141695 996 $6260$aRoma :$b[s.n.]$9(OLS)http://pul/publisher/47958